00547nam a2200133Ia 4500082001200000100002000012245019800032260003000230300000800260650004700268650005600315650002600371710001600397 aTB.0115 aBhagwati Prasad 0aAgricultural credit, savings and capital assets: structure of assets and borrowings and credit needs at different levels of agricultural technology on the farms of Rampur district Uttar Pradesh c1978bUniversity of Delhi a306 aBank loanszUttar PradeshzRampur District aAgricultural creditzUttar PradeshzRampur District aSaving and investment aNagar, A.L.